Noms des arrêts de la ligne 16 (Bordeaux) - Statistiques

Statistiques générales
  • Ce quiz a été pris 7 fois
  • Le résultat moyen est 8 sur 61
Statistiques - réponses
Réponses % Correct
Les pins
57%
Palais de justice
57%
Montesquieu
43%
Porte de bourgogne
43%
Stalingrad
43%
Belvédère
29%
Bouliac centre commercial
29%
Deveaux
29%
Galin
29%
Gambetta-Mériadeck
29%
Murat
29%
Musée d'aquitaine
29%
Piscine judaïque
29%
Place Lopès
29%
République
29%
Sainte-Catherine
29%
Arena
14%
Barrière judaïque
14%
Bosquets
14%
Collège léonard lenoir
14%
Dutertre
14%
Lartigue
14%
Latresne
14%
Léon blum
14%
Lièges
14%
Moulin rouge
14%
Place Moscou
14%
pont saint jean
14%
Sainte croix
14%
Saint michel
14%
Saint-Seurin
14%
Salinières
14%
Anatole France
0%
Bel air
0%
Boulevard Trarieux
0%
Capeyron
0%
centre des impôts
0%
Curie
0%
Dorgelès
0%
Entre-Deux-Mers
0%
Floirac libération
0%
Jean dauguet
0%
Jean jaurès
0%
Jeunesse
0%
Jules Ferry
0%
Laffargue
0%
La jacquotte
0%
La paix
0%
Mairie de floirac
0%
Marionneau
0%
Piscine galin
0%
Plateaux
0%
Pôle emploi bastide
0%
Rosa parks
0%
Rousseau
0%
Rue richelieu
0%
Stade Batany
0%
Stade du jard
0%
Trianon
0%
Vercors
0%
Vincent
0%
Aucun quiz correspondant
Distribution des résultats
% des personnes avec chaque résultat
Percentile par nombre de réponses
Votre historique - résultats
Vous n’avez pas pris ce quiz